Word Ladder: Jibber Jabber Quiz Stats

 Plays Quiz Updated Jul 30, 2015

Challenge
Share
Tweet
Embed
Score 0/30 Timer 03:00
2 Plays Today
Hint 4-Letter Word % Correct
It holds your pants upBELT
97.4%
Hit with an open handSLAP
97.1%
Bony area below the mouthCHIN
96.8%
It's rung to start a boxing matchBELL
96.7%
Front of the lower legSHIN
95.8%
Gender with XYMALE
95.4%
A ____ of thunderCLAP
95.1%
Thick piece of concreteSLAB
94.8%
British fellowCHAP
93%
☆ Embellish a story: ____ a [#16] [#17] ☆☆ TELL ☆
91.9%
Smallest of the litterRUNT
91.5%
Desire somethingWANT
91%
Oxidized ironRUST
90.5%
Musical rhythmBEAT
90.3%
'Stubborn' animalMULE
90%
Hint 4-Letter Word % Correct
♡ Light discussion: [#04] ____♡ CHAT ♡
89%
♢ Talk angrily and incessantly ♢♢ RANT ♢
89%
Benign skin growthWART
88%
Caution (someone)WARN
87.9%
Short burst of windGUST
86.8%
♦ Spill the beans ♦♦ BLAB ♦
86.4%
♡ Light discussion: ____ [#05] ♡♡ CHIT ♡
85.6%
☆ Embellish a story: [#15] a [#16] ____☆ TALE ☆
85.5%
Drive a dogsled teamMUSH
82.1%
☆ Embellish a story: [#15] a ____ [#17] ☆☆ TALL ☆
81.2%
◉ Think out loud ◉◉ MUSE ◉
79.9%
♥ Talk lovingly and incessantly ♥♥ GUSH ♥
79.8%
Sound a lamb makes (alt)BLAT
79.4%
★ Recount a story: [first rung] a ____★ YARN ★
60.4%
★ Recount a story: ____ a [last rung] ★★ SPIN ★
59.7%

Today's Daily Dose

You're not logged in!

Compare scores with friends on all Sporcle quizzes.
Join for Free
OR
Log In

You Might Also Like...

Show Comments

Extras

Top Quizzes Today


Score Distribution

Your Account Isn't Verified!

In order to create a playlist on Sporcle, you need to verify the email address you used during registration. Go to your Sporcle Settings to finish the process.

Report this User

Report this user for behavior that violates our Community Guidelines.

Details: